000 01577nam0a2200409 4500
001 RU\NLR\bibl\114677
005 20250617093831.0
010 _a5-89069-008-6
020 _aRU
_b98-35225
_9Книжная летопись
021 _aRU
_b98-26132
_91246
035 _a(NLR Aleph) 000112283
090 _a637281
_c637281
100 _a20000410d1998 |||y0rusy50 ca
101 0 _arus
102 _aRU
105 _aa |||||||||
200 1 _aМолодежь в России
_fТ. Ярыгина, Ю. Белавина, Г. Балашова
210 _aМ.
_cЭПИцентр
_d1998
215 _a32 с.
_cил.
_d22
225 1 _aБиблиотека общественного объединения "Яблоко"
_iСерия "Социальный вопрос"
601 1 2 _a"Яблоко", общественное объединение
_91708940
_3RU\NLR\auth\661059132
606 0 _aМолодежь
_yРоссийская Федерация
_92085644
_3RU\NLR\auth\661261763
610 0 _aМолодежь - Социологические исследования
675 _a316.346.3-053.6
_v3
_zrus
686 _aФ79(2)274.1
686 _aФ75(2)127.4
700 1 _aЯрыгина
_gТатьяна Владимировна
_4070
701 1 _aБелавина
_bЮ.
_4070
701 1 _aБалашова
_bГ.
_4070
801 0 _aRU
_bRKP
_c20000410
_gPSBO
801 1 _aRU
_bRKP
_c20000410
801 2 _aRU
_bNLR
_c20040416
_grcr
852 _aNLR
_j98-4/13066
942 _cBOOK
980 _aNB